Statistics for European countries or US states?

Click here to take the quiz!

General Stats

  • This quiz has been taken 789 times
  • The average score is 9 of 15

Answer Stats

QuestionAnswer% Correct
Andorra or Rhode Island?Rhode Island
74%
Iceland or Florida?Florida
72%
Lithuania or Vermont?Lithuania
69%
Czech Republic or Arkansas?Arkansas
65%
Belarus or New York?Belarus
63%
Greece or Missouri?Missouri
59%
Bulgaria or Indiana?Bulgaria
58%
North Macedonia or Maryland?Maryland
57%
Finland or Nevada?Finland
56%
Albania or New Jersey?Albania
54%
Denmark or Maine?Maine
53%
France or California?France
52%
Ukraine or Texas?Texas
49%
Spain or Montana?Spain
43%
Romania or Michigan?Michigan
37%

Score Distribution

Percentile by Number Answered

Percent of People with Each Score

Your Score History

You have not taken this quiz